<?xml version='1.0' encoding='UTF-8'?>
  <record xmlns="http://www.loc.gov/MARC21/slim">
    <leader>00000cam a22000007i 4500</leader>
    <controlfield tag="001">ocm65516625</controlfield>
    <controlfield tag="003">OCoLC</controlfield>
    <controlfield tag="005">20251122101247.2</controlfield>
    <controlfield tag="008">900806s1649    ne            000 0 dut d</controlfield>
    <datafield tag="040" ind1=" " ind2=" ">
      <subfield code="a">NLGGC</subfield>
      <subfield code="b">dut</subfield>
      <subfield code="e">fobidrtb</subfield>
      <subfield code="c">NLGGC</subfield>
      <subfield code="d">OCLCL</subfield>
      <subfield code="d">OCLCQ</subfield>
    </datafield>
    <datafield tag="029" ind1="0" ind2=" ">
      <subfield code="a">NLGGC</subfield>
      <subfield code="b">06534071X</subfield>
    </datafield>
    <datafield tag="035" ind1=" " ind2=" ">
      <subfield code="a">(OCoLC)65516625</subfield>
    </datafield>
    <datafield tag="100" ind1="1" ind2=" ">
      <subfield code="a">Noozeman, Jan,</subfield>
      <subfield code="d">-1653.</subfield>
      <subfield code="0">(NL-LeOCL)071441107</subfield>
    </datafield>
    <datafield tag="245" ind1="1" ind2="0">
      <subfield code="a">J. Noozemans Getemde snorker :</subfield>
      <subfield code="b">kluchts-gewijs gespeelt op d'Amsterdamsche Schouburg.</subfield>
    </datafield>
    <datafield tag="246" ind1="3" ind2=" ">
      <subfield code="a">Getemde snorker</subfield>
    </datafield>
    <datafield tag="260" ind1=" " ind2=" ">
      <subfield code="a">t'Amsterdam :</subfield>
      <subfield code="b">by Gerrit van Goedesberg,</subfield>
      <subfield code="c">1649.</subfield>
    </datafield>
    <datafield tag="300" ind1=" " ind2=" ">
      <subfield code="a">.. p. ;</subfield>
      <subfield code="c">19 cm.</subfield>
    </datafield>
    <datafield tag="336" ind1=" " ind2=" ">
      <subfield code="a">tekst</subfield>
      <subfield code="b">txt</subfield>
      <subfield code="2">rdacontent/dut</subfield>
    </datafield>
    <datafield tag="337" ind1=" " ind2=" ">
      <subfield code="a">zonder medium</subfield>
      <subfield code="b">n</subfield>
      <subfield code="2">rdamedia/dut</subfield>
    </datafield>
    <datafield tag="338" ind1=" " ind2=" ">
      <subfield code="a">band</subfield>
      <subfield code="b">nc</subfield>
      <subfield code="2">rdacarrier/dut</subfield>
    </datafield>
    <datafield tag="500" ind1=" " ind2=" ">
      <subfield code="a">Later verschenen o.d.t.: Romboud, of de getemde snorker.</subfield>
    </datafield>
    <datafield tag="530" ind1=" " ind2=" ">
      <subfield code="a">Titel is geselecteerd voor digitalisering voor de Universiteit van Leiden in het kader van het Google Books-project.</subfield>
    </datafield>
    <datafield tag="700" ind1="1" ind2=" ">
      <subfield code="a">Goedesberg, Gerrit van</subfield>
      <subfield code="c">Amsterdam.</subfield>
      <subfield code="4">prt</subfield>
      <subfield code="0">(NL-LeOCL)077133331</subfield>
    </datafield>
    <datafield tag="758" ind1=" " ind2=" ">
      <subfield code="a">J. Noozemans Getemde snorker (Text)</subfield>
      <subfield code="1">https://id.oclc.org/worldcat/entity/E39PCFKWHVCJTf8PwPBdxYCvVy</subfield>
      <subfield code="4">https://id.oclc.org/worldcat/ontology/hasWork</subfield>
    </datafield>
    <datafield tag="776" ind1="0" ind2=" ">
      <subfield code="t">J. Noozemans Getemde snorker</subfield>
      <subfield code="w">(NL-LeOCL)377488631</subfield>
    </datafield>
    <datafield tag="776" ind1="0" ind2=" ">
      <subfield code="t">J. Noozemans Getemde snorker</subfield>
      <subfield code="w">(NL-LeOCL)411419447</subfield>
    </datafield>
    <datafield tag="856" ind1="4" ind2="2">
      <subfield code="y">Short Title Catalogue, Netherlands</subfield>
      <subfield code="u">http://resolver.kb.nl/resolve?urn=STCN:853132615:record</subfield>
      <subfield code="z">zie de oorspronkelijke beschrijving bij de STCN voor mogelijk overige vindplaatsen</subfield>
      <subfield code="7">0</subfield>
    </datafield>
    <datafield tag="936" ind1=" " ind2=" ">
      <subfield code="a">BATCHLOAD</subfield>
    </datafield>
  </record>